Európske obchodné centrum Bratislava Petržalka

Enregistré dans:
Détails bibliographiques
Auteur principal: Dudík, Karol, 1985- (Auteur)
Autres auteurs: Šimkovič, Vladimír, 1953- (Directeur de thèse)
Format: Manuscrit Livre
Langue:slovaque
Publié: Bratislava : STU v Bratislave FA, 2010
Sujets:
Accès en ligne:VAIS
Tags: Ajouter un tag
Pas de tags, Soyez le premier à ajouter un tag!

MARC

LEADER 00000ntm a22000003a 4500
001 stu217963
005 20220224132608.9
008 101201s2010----xo------------------slo-d
040 |a STU  |b slo 
041 0 |a slo 
044 |a xo 
100 1 |a Dudík, Karol,  |d 1985-  |4 aut  |u A  |T FAD Fakulta architektúry  |X 15498  |U A  |Y 50  |7 A000015498 
242 0 0 |a European trade center Bratislava, Petrzalka  |y eng 
245 1 |a Európske obchodné centrum Bratislava Petržalka 
260 |a Bratislava :  |b STU v Bratislave FA,  |c 2010 
650 7 |a architektúra  |2 stusub 
650 7 |a architecture  |2 estusub 
650 7 |a mrakodrap  |2 stusub 
650 7 |a obchodné centrum  |2 stusub 
700 1 |a Šimkovič, Vladimír,  |d 1953-  |4 ths  |u A8180  |U FAD Fakulta architektúry  |T FA Ústav architektúry občianskych budov  |X 394  |U A8180  |Y 399  |7 A000000394 
856 4 |a info a plný text  |u http://is.stuba.sk/zp/portal_zp.pl?podrobnosti=59388  |u https://opac.crzp.sk/?fn=detailBiblioForm&sid=706B7159B114D32C9CB39092A485  |3 VAIS